Les femmes dans le plan de Paris de M à S - Statistiques

Statistiques générales
  • Ce quiz a été pris 2 fois
  • Le résultat moyen est 12 sur 99
Statistiques - réponses
Hint Extra Hint Explanation Réponse % Correct
Arpik Missakian 1926-2015 Journaliste / 9e / 2022 2021/2025
100%
Claude Rodier 1903-1944 Résistante / 9e / 2024 2021/2025
100%
Madeleine Renaud 1900-1994 Actrice / 15e / 2008 2006/2010
50%
Marthe Simard 1901-1993 Femme politique / 14e / 2011 2011/2015
50%
Mado Maurin 1915-2013 Actrice / 18e / 2019 2016/2020
50%
Cheikha Remitti 1923-2006 Chanteuse / 18e / 2019 2016/2020
50%
Madeleine Pelletier 1874-1939 Psychiatre / 13e / 2019 2016/2020
50%
Suzanne Noël 1878-1954 Médecin / 11e / 2018 2016/2020
50%
Diana Spencer 1961-1997 Princesse / 16e / 2019 2016/2020
50%
Germaine Poinso-Chapuis 1901-1981 Avocate / 18e / 2017 2016/2020
50%
Jeanne Moreau 1928-2017 Actrice / 19e / 2019 2016/2020
50%
Marie Rogissart 1841-1929 Communarde / 12e / 2018 2016/2020
50%
Mary Reynolds 1891-1950 Collectionneuse / 14e / 2023 2021/2025
50%
Catherine Rich 1932-2021 Actrice / 6e / 2023 2021/2025
50%
Françoise de Menthon 1920-2019 Femme de diplomate / 7e / 2023 2021/2025
50%
Marguerite Moret 1899-1974 Résistante / 11e / 2024 2021/2025
50%
Alice Milliat 1884-1957 Sportive / 18e / 2022 2021/2025
50%
Milena Salvini 1933-2022 Danseuse / 13e / 2023 2021/2025
50%
Sarah Monod 1836-1912 Féministe / 12e / 2021 2021/2025
50%
Emmanuelle Riva 1927-2017 Actrice / 10e / 2022 2021/2025
50%
Germaine Sablon 1899-1985 Actrice / 13e / 2022 2021/2025
50%
Chantal Mauduit 1964-1998 Alpiniste / 15e / 2024 2021/2025
50%
Marie de Médicis 1575-1642 Reine / 8e 1618
0%
Marie-Joséphine de Savoie 1753-1810 Epouse de Louis XVIII / 6e 1790
0%
Marie Stuart 1542-1587 Reine de France et d'Ecosse / 2e 1809
0%
Marguerite de Rochechouart 1665-1727 Religieuse / 9e 1864
0%
Marie de Rabutin-Chantal 1626-1696 Epistolière / 3e 1867
0%
Rosalie Rendu 1786-1856 Religieuse / 13e 1868
0%
Germaine de Staël 1766-1817 Romancière / 15e 1885
0%
George Sand 1804-1876 Ecrivaine / 16e 1886
0%
Clémence Royer 1830-1902 Philosophe / 1er 1904
0%
Daniel Stern 1805-1876 Femme de lettres / 15e 1907
0%
Juliette Récamier 1777-1849 Femme de lettres / 7e 1907
0%
Laure Surville 1800-1871 Femme de lettres / 15e 1912
0%
Marie-Louise-Thérèse de Savoie-Carignan 1749-1792 Princesse / 16e 1925
0%
Anne-Eugénie Milleret de Brou 1817-1898 Religieuse / 16e 1928
0%
Adrienne Simon 1888-1960 Propriétaire / 14e 1931
0%
Astrid de Suède 1905-1935 Reine des Belges / 8e 1936
0%
Marie Moinon 1891-1944 Résistante / 10e 1946
0%
Marietta Martin 1902-1944 Résistante / 16e 1955
0%
Ginette Neveu 1919-1949 Violoniste / 18e 1956
0%
Diane de Poitiers 1499-1566 Favorite royale / 19e 1975
0%
Édith Piaf 1915-1963 Chanteuse / 20e 1978
0%
Sophie Rostopchine 1799-1874 Ecrivaine / 8e 1978
0%
Françoise-Athénaïs de Rochechouart de Mortemart 1640-1707 Favorite royale / 19e 1979
0%
Marie de Miribel 1872-1959 Infirmière / 20e 1982
0%
Christine de Pizan 1364-1430 Femme de lettres / 17e 1985
0%
Claire Morandat 1913-1972 Homme politique / 17 1987
0%
Simone Signoret 1921-1985 Actrice / 19e / 1998 1990/2000
0%
Gaby Sylvia 1920-1980 Actrice / 11e / 1990 1990/2000
0%
Maï Politzer 1905-1943 Résistante / 12e / 1998 1990/2000
0%
Dulcie September 1935-1988 Femme politique / 10e / 1997 1990/2000
0%
Marie Pape-Carpantier 1815-1878 Pédagogue / 6e / 1994 1990/2000
0%
Aimée Millot 1808-1827 Bergère / 13e / 2002 2001/2005
0%
Nafissa Sid Cara 1910-2002 Femme politique / 19e / 2005 2001/2005
0%
Elsa Morante 1912-1985 Ecrivaine / 13e / 2003 2001/2005
0%
Charlotte Perriand 1903-1999 Architecte / 7e / 2009 2006/2010
0%
Odette Rosenstock 1914-1999 Résistante / 12e / 2008 2006/2010
0%
Simone Michel-Lévy 1906-1945 Résistante / 7e / 2006 2006/2010
0%
Amália Rodrigues 1920-1999 Chanteuse / 19e / 2010 2006/2010
0%
Marie de Régnier 1875-1963 Ecrivaine / 16e / 2006 2006/2010
0%
Madeleine Marzin 1908-1998 Résistante / 20e / 2006 2006/2010
0%
Delphine Seyrig 1932-1990 Actrice / 19e / 2009 2006/2010
0%
Mireille 1906-1996 Chanteuse / 1er / 2008 2006/2010
0%
Marie-José Nicoli 1945-2003 Défenseur des consommateurs / 11e / 2008 2006/2010
0%
Nina Simone 1933-2003 Chanteuse / 12e / 2013 2011/2015
0%
Colette Magny 1926-1997 Auteure-compositrice-interprète / 19 / 2013 2011/2015
0%
Aurélie Nemours 1910-2005 Artiste / 13e / 2014 2011/2015
0%
Mireille Renouvin 1908-1987 Résistante / 6e / 2015 2011/2015
0%
Jacqueline de Romilly 1913-2010 Philologue / 5e / 2016 2011/2015
0%
Anna Politkovskaïa 1958-2006 Journaliste / 12e / 2013 2011/2015
0%
Huguette Schwartz 1923-2010 Résistante / 14e / 2013 2011/2015
0%
Gertrude Stein 1874-1946 Ecrivaine / 12e / 2013 2011/2015
0%
Chana Orloff 1888-1968 Sculptrice / 19e / 2013 2011/2015
0%
Mère Marie Skobtsova 1891-1945 Poétesse / 15e / 2013 2011/2015
0%
Madeleine Rebérioux 1920-2005 Historienne / 18e / 2014 2011/2015
0%
Suzanne Masson 1901-1943 Résistante / 19e / 2014 2011/2015
0%
Susan Sontag 1933-2004 Ecrivaine / 19e / 2014 2011/2015
0%
Silvia Monfort 1923-1991 Comédienne / 15e / 2011 2011/2015
0%
Nathalie Sarraute 1900-1999 Femme de lettres / 18e / 2013 2011/2015
0%
Irène Némirovsky 1903-1942 Romancière / 15e / 2012 2011/2015
0%
Rosa Parks 1913-2005 Figure de la lutte contre la ségrégation aux Etats-Unis / 19e / 2015 2011/2015
0%
Émilienne Moreau-Évrard 1898-1971 Résistante / 13e / 2013 2011/2015
0%
Romy Schneider 1938-1982 Actrice / 18e / 2013 2011/2015
0%
Miriam Makeba 1932-2008 Chanteuse / 12e / 2013 2011/2015
0%
Vivian Maier 1926-2009 Photographe / 13e / 2020 2016/2020
0%
Hélène Missoffe 1927-2015 Femme politique / 17e / 2016 2016/2020
0%
Marie de Saxe-Cobourg-Gotha 1875-1938 Reine de Roumanie / 7e / 2019 2016/2020
0%
Stefa Skurnik 1917-2014 Résistante / 11e / 2018 2016/2020
0%
Rosemonde Pujol 1917-2009 Résistante / 17e / 2019 2016/2020
0%
Marcel Moore 1892-1972 Artiste / 6e / 2018 2016/2020
0%
Paulette Nardal 1896-1985 Journaliste / 14e / 2018 2016/2020
0%
Sonia Rykiel 1930-2016 Couturière / 6e / 2018 2016/2020
0%
Jeanne Nardal 1902-1993 Philosophe / 14e / 2018 2016/2020
0%
Germaine Richier 1902-1959 Sculptrice / 13e / 2017 2016/2020
0%
Thérèse Pierre 1908-1943 Résistante / 17e / 2019 2016/2020
0%
Melina Mercouri 1920-1994 Chanteuse / 20e / 2017 2016/2020
0%
Andrée Putman 1925-2013 Designer / 17e / 2019 2016/2020
0%
Maya Surduts 1937-2016 Féministe / 11e / 2017 2016/2020
0%
Aucun quiz correspondant
Distribution des résultats
% des personnes avec chaque résultat
Percentile par nombre de réponses
Votre historique - résultats
Vous n’avez pas pris ce quiz